000 00824nam a22001697a 4500
005 20260324152524.0
020 _c00.00(बिना मूल्य की पुस्तक)
037 _bउपहार
082 _a
100 _aशरण,हृषीकेश
_988768
245 _aशाक्यमुनि बुध्द की सचित्र रंगीन - हिंदी कथा /
_bहृषीकेश शरण
260 _aलेखक एवं प्रकाशक
_c2017
270 _kमो.9871212294,8076224303
300 _a239 पृ.
_c24 सेमी (सजिल्द)
_bसचित्र
942 _cCH
_2ddc
_mशरण
_h
999 _c214698
_d214698